Georgia Country Quiz - Statistics

General Stats
  • This quiz has been taken 27,011 times
    26,536 since last reset
  • The average score is 13 of 16
Answer Stats
Hint Answer % Correct
Countries bordering Georgia Russia
99%
Countries bordering Georgia Armenia
98%
Countries bordering Georgia Azerbaijan
97%
Country from which Georgia gained independence in 1991 Soviet Union
96%
Sea which borders Georgia Black Sea
95%
Countries bordering Georgia Turkey
95%
Capital city Tbilisi
91%
Five of these objects appear on the flag Crosses
82%
Mountain range on its northern border Caucasus
79%
Georgians have been making this for 8000 years, sometimes fermenting it in giant clay jars Wine
74%
Name of the region of Georgia during Roman times, not to be confused with Portugal and Spain Iberia
73%
Brutal dictator born in 1878 with the name Ioseb Besarionis dzе Djugashvili Joseph Stalin
72%
Russian-controlled areas of Georgia South {Ossetia}
68%
Sport in which Georgia has won 19 of its 40 Olympic medals Wrestling
58%
Russian-controlled areas of Georgia Abkhazia
49%
Largest Georgian city on that sea Batumi
34%
No matching quizzes found
Score Distribution
Percent of People with Each Score
Percentile by Number Answered
Your Score History
You have not taken this quiz since the last reset